00642nam a2200181Ia 4500001001000000008004100010020001100051082001900062100001600081245007200097260011400169300001000283440001800293500004600311650004500357650002800402650003000430Para_7271220602s9999 xx 000 0 und d aM/BAJA aPA-C 636.5 B86 aBerry, L.N. aTurkey raising under conditions of semi-confinement / by L.N. Berry aState College, N.M.: New México. College of Agriculture and Mechanic arts. Agricultural Experiment Station a15 p. aBulletin; 208 aEncuadernado con otros impresos similares a1. Avicultura - colecciones de escritos  aPavos - reproducción  aPavos - alimentaciónÌ